[Event "CZE-chT1W 2223"]
[Site "Czech Republic"]
[Date "2023.02.12"]
[Round "8.2"]
[White "Jares, Michal"]
[Black "Drabek, Vojtech"]
[Result "1/2-1/2"]
[WhiteElo "2198"]
[BlackElo "2046"]
[PlyCount "107"]
[EventDate "2022.10.09"]
[EventType "team-tourn"]
[EventRounds "11"]
[EventCountry "CZE"]
[SourceTitle "CBM 213 Extra"]
[Source "ChessBase"]
[SourceDate "2023.05.31"]
[SourceVersion "1"]
[SourceVersionDate "2023.05.31"]
[SourceQuality "1"]
[WhiteTeam "Polabiny II"]
[BlackTeam "Neratovice"]
[WhiteTeamCountry "CZE"]
[BlackTeamCountry "CZE"]

1. Nf3 Nf6 2. g3 g6 3. Bg2 Bg7 4. 0-0 0-0 5. c4 d5 6. cxd5 Nxd5 7. d4 Nc6 8. Nc3 Nb6 9. d5 Na5 10. e4 c6 11. Bf4 Nac4 12. Qe2 cxd5 13. exd5 Nxb2 14. Qxb2 Na4 15. Nxa4 Bxb2 16. Nxb2 Qxd5 17. Rfe1 Qb5 18. Nd1 Bd7 19. Nc3 Qa5 20. Ne5 Be6 21. Ne4 f6 22. Nf3 Bd5 23. Nfd2 e5 24. Bh6 Rf7 25. Nb3 Qb6 26. Be3 Qc6 27. Na5 Qb5 28. Nc3 Qxa5 29. Nxd5 Kg7 30. Red1 Rd8 31. Rd2 Rd6 32. Rad1 Rfd7 33. Kf1 Qb5+ 34. Ke1 Qa5 35. Ke2 Qb5+ 36. Ke1 Qa5 37. Kf1 f5 38. Ke2 Kf7 39. Nc3 Rxd2+ 40. Rxd2 Rxd2+ 41. Kxd2 Qb4 42. Bd5+ Kg7 43. Kc2 f4 44. gxf4 exf4 45. Bxa7 b6 46. Bb8 Qd4 47. f3 Qf2+ 48. Kd3 Qxh2 49. Be5+ Kh6 50. Ne2 g5 51. Nd4 Qg1 52. Nf5+ Kg6 53. Be4 Kh5 54. Bd4 1/2-1/2

[Event "CZE-chT2C 2223"]
[Site "Czech Republic"]
[Date "2023.01.08"]
[Round "6.6"]
[White "Vltavsky, Vladimir"]
[Black "Drabek, Vojtech"]
[Result "1/2-1/2"]
[WhiteElo "2064"]
[BlackElo "2046"]
[PlyCount "54"]
[EventDate "2022.10.16"]
[EventType "team-tourn"]
[EventRounds "11"]
[EventCountry "CZE"]
[SourceTitle "EXT 2024"]
[Source "ChessBase"]
[SourceDate "2023.10.10"]
[SourceVersion "1"]
[SourceVersionDate "2023.10.10"]
[SourceQuality "1"]
[WhiteTeam "Turnov Zikuda II"]
[BlackTeam "Neratovice II"]
[WhiteTeamCountry "CZE"]
[BlackTeamCountry "CZE"]

1. e4 e5 2. Nf3 Nc6 3. Bb5 a6 4. Ba4 Nf6 5. d3 d6 6. c3 Bd7 7. 0-0 g6 8. Re1 Bg7 9. Nbd2 0-0 10. Nf1 Nh5 11. Ng3 Nxg3 12. hxg3 Bg4 13. Qd2 d5 14. Qg5 Qxg5 15. Bxg5 dxe4 16. dxe4 b5 17. Bb3 Na5 18. Bc2 f6 19. Be3 Nc4 20. Bc5 Rfd8 21. b3 Nb6 22. Nh2 Be6 23. Red1 Bf8 24. Bxf8 Kxf8 25. Kf1 a5 26. Rxd8+ Rxd8 27. Ke2 Ra8 1/2-1/2

[Event "CZE-chT2C 2223"]
[Site "Czech Republic"]
[Date "2022.11.20"]
[Round "3.6"]
[White "Filipi, Stepan"]
[Black "Drabek, Vojtech"]
[Result "1-0"]
[WhiteElo "2214"]
[BlackElo "2046"]
[PlyCount "105"]
[EventDate "2022.10.16"]
[EventType "team-tourn"]
[EventRounds "11"]
[EventCountry "CZE"]
[SourceTitle "EXT 2024"]
[Source "ChessBase"]
[SourceDate "2023.10.10"]
[SourceVersion "1"]
[SourceVersionDate "2023.10.10"]
[SourceQuality "1"]
[WhiteTeam "Vysehrad"]
[BlackTeam "Neratovice II"]
[WhiteTeamCountry "CZE"]
[BlackTeamCountry "CZE"]

1. e4 e6 2. d4 d5 3. Nc3 Nf6 4. Bg5 Bb4 5. e5 h6 6. Bc1 Ne4 7. Nge2 c5 8. a3 cxd4 9. axb4 dxc3 10. Nxc3 Nxc3 11. bxc3 Qc7 12. Qd4 Nc6 13. Bb5 Bd7 14. Bxc6 Bxc6 15. 0-0 0-0 16. Re1 a6 17. Bf4 Qe7 18. Re3 f6 19. Rg3 Kh7 20. exf6 Rxf6 21. Be5 Rf7 22. Qd3+ Kg8 23. Qg6 Kf8 24. Re1 Ke8 25. Bd6 Qxd6 26. Rxe6+ Qxe6 27. Qxe6+ Kf8 28. Re3 Rd8 29. h3 Kg8 30. Rf3 Rdf8 31. h4 Bd7 32. Qd6 Rxf3 33. gxf3 Bc6 34. f4 Rf6 35. Qe5 Rf8 36. Qd4 Re8 37. f3 Rf8 38. Kf2 Re8 39. c4 dxc4 40. Qxc4+ Kh8 41. Qc5 Rd8 42. f5 Kg8 43. Qc4+ Rd5 44. Qf4 Rd8 45. c4 Rd3 46. Qb8+ Kf7 47. Qc7+ Kf6 48. f4 Rd2+ 49. Ke3 Rd7 50. Qe5+ Kf7 51. Qe6+ Kf8 52. f6 h5 53. f5 1-0

[Event "CZE-chT2C 1920"]
[Site "Czech Republic"]
[Date "2020.06.27"]
[Round "10.6"]
[White "Marsalek, Zdenek"]
[Black "Drabek, Vojtech"]
[Result "1-0"]
[WhiteElo "2218"]
[BlackElo "2102"]
[PlyCount "75"]
[EventDate "2019.10.13"]
[EventType "team-tourn"]
[EventRounds "11"]
[EventCountry "CZE"]
[SourceTitle "EXT 2024"]
[Source "ChessBase"]
[SourceDate "2023.10.10"]
[SourceVersion "1"]
[SourceVersionDate "2023.10.10"]
[SourceQuality "1"]
[WhiteTeam "Turnov Zikuda III"]
[BlackTeam "Neratovice II"]
[WhiteTeamCountry "CZE"]
[BlackTeamCountry "CZE"]

1. d4 Nf6 2. Nf3 g6 3. g3 Bg7 4. Bg2 0-0 5. 0-0 d5 6. c4 Nc6 7. Nc3 Re8 8. h3 dxc4 9. e4 Nd7 10. Be3 e5 11. d5 Na5 12. Qa4 c6 13. dxc6 Nxc6 14. Rfd1 Nd4 15. Nxd4 exd4 16. Bxd4 Bxd4 17. Rxd4 Qb6 18. Rd2 Qc6 19. Qxc6 bxc6 20. f4 Nc5 21. e5 Bd7 22. Rd4 Rab8 23. Rxc4 Ne6 24. Ne4 Re7 25. Rd1 Kg7 26. b3 Nf8 27. Nf6 Be6 28. Rxc6 h5 29. Rd4 Rb5 30. Kf2 Ra5 31. Rd2 Bf5 32. a4 Be6 33. Rd3 Bf5 34. Rdc3 Ne6 35. Rd6 Rc5 36. Rxe6 Rxc3 37. Rxe7 Rc2+ 38. Kg1 1-0

[Event "CZE-chT2C 1920"]
[Site "Czech Republic"]
[Date "2019.12.15"]
[Round "5.5"]
[White "Pirklova, Hana"]
[Black "Drabek, Vojtech"]
[Result "1/2-1/2"]
[WhiteElo "2134"]
[BlackElo "2102"]
[PlyCount "145"]
[EventDate "2019.10.13"]
[EventType "team-tourn"]
[EventRounds "11"]
[EventCountry "CZE"]
[SourceTitle "EXT 2024"]
[Source "ChessBase"]
[SourceDate "2023.10.10"]
[SourceVersion "1"]
[SourceVersionDate "2023.10.10"]
[SourceQuality "1"]
[WhiteTeam "Praha Oaza II"]
[BlackTeam "Neratovice II"]
[WhiteTeamCountry "CZE"]
[BlackTeamCountry "CZE"]

1. e4 e6 2. d4 d5 3. e5 c5 4. c3 Nc6 5. Nf3 Qb6 6. a3 cxd4 7. cxd4 Nh6 8. Nc3 Nf5 9. Na4 Qd8 10. b4 Be7 11. Bb2 0-0 12. Bd3 f6 13. exf6 Bxf6 14. 0-0 Kh8 15. Bc2 b6 16. Qd3 g6 17. Rac1 Bd7 18. Bc3 Nd6 19. Ne5 Ne4 20. Bb2 Qe8 21. Nxd7 Qxd7 22. b5 Na5 23. Nc3 Nd6 24. a4 Nac4 25. Ba1 a6 26. bxa6 Rxa6 27. Ne2 b5 28. axb5 Nxb5 29. Qh3 Ra3 30. Qg4 Qf7 31. Nf4 Ra6 32. Rfe1 Bg7 33. g3 Rxa1 34. Rxa1 Nxd4 35. Bxg6 hxg6 36. Nxg6+ Kg8 37. Nxf8 Qxf8 38. Rxe6 Ne5 39. Rxe5 Nf3+ 40. Kg2 Nxe5 41. Qe6+ Qf7 42. Ra8+ Kh7 43. Qxf7 Nxf7 44. f4 Nh6 45. Rd8 d4 46. Kf3 Nf7 47. Rd7 Kg8 48. Ke4 Kf8 49. g4 Ke8 50. Rxd4 Bxd4 51. Kxd4 Ke7 52. Ke4 Kf6 53. h4 Nd6+ 54. Kf3 Nc4 55. h5 Nd2+ 56. Ke3 Nc4+ 57. Kd3 Nd6 58. Kd4 Nb5+ 59. Ke3 Nc3 60. h6 Kg6 61. g5 Nd5+ 62. Ke4 Ne7 63. Ke5 Nc6+ 64. Kd5 Ne7+ 65. Ke6 Nf5 66. h7 Ng7+ 67. Ke5 Kxh7 68. f5 Nxf5 69. Kxf5 Kg7 70. g6 Kg8 71. Kf6 Kf8 72. g7+ Kg8 73. Kg6 1/2-1/2

[Event "CZE-chT2C 1920"]
[Site "Czech Republic"]
[Date "2019.10.13"]
[Round "1.6"]
[White "Lochman, Vaclav"]
[Black "Drabek, Vojtech"]
[Result "1/2-1/2"]
[WhiteElo "2024"]
[BlackElo "2102"]
[PlyCount "123"]
[EventDate "2019.10.13"]
[EventType "team-tourn"]
[EventRounds "11"]
[EventCountry "CZE"]
[SourceTitle "EXT 2024"]
[Source "ChessBase"]
[SourceDate "2023.10.10"]
[SourceVersion "1"]
[SourceVersionDate "2023.10.10"]
[SourceQuality "1"]
[WhiteTeam "Mlada Boleslav"]
[BlackTeam "Neratovice II"]
[WhiteTeamCountry "CZE"]
[BlackTeamCountry "CZE"]

1. e4 e6 2. d4 d5 3. Nd2 c5 4. Ngf3 cxd4 5. exd5 Qxd5 6. Bc4 Qd6 7. 0-0 Nf6 8. Nb3 Nc6 9. Nbxd4 Nxd4 10. Qxd4 Qxd4 11. Nxd4 a6 12. Re1 Bc5 13. Nb3 Bb6 14. h3 0-0 15. Bg5 Bd7 16. Bxf6 gxf6 17. Rad1 Rfd8 18. Rd2 Rac8 19. Bf1 Kf8 20. Red1 Ke7 21. c3 f5 22. Be2 e5 23. Rd6 Bc6 24. Rxd8 Bxd8 25. Nd2 Bc7 26. Kf1 Rg8 27. Nf3 f4 28. Bc4 Kf6 29. Ne1 e4 30. Be2 Ke5 31. f3 f5 32. Nc2 exf3 33. gxf3 Bb6 34. Nd4 Bd5 35. Kf2 Bxa2 36. Bf1 Rd8 37. Re1+ Kf6 38. Rd1 Bb3 39. Rd2 Rg8 40. Ke1 Bf7 41. Ne2 Be3 42. Rd7 b5 43. Rd6+ Ke5 44. Rxa6 Bc4 45. Ra1 Rd8 46. Nd4 Bxd4 47. Bxc4 bxc4 48. cxd4+ Rxd4 49. Ra4 Rd3 50. Rxc4 Rxf3 51. Rc3 Re3+ 52. Kf2 Kd4 53. Ra3 h6 54. Rc3 Re4 55. Rc6 Ke5 56. Rb6 Re3 57. h4 Rh3 58. Rxh6 Rb3 59. Rh8 Rxb2+ 60. Kf3 Rb3+ 61. Kf2 f3 62. Ra8 1/2-1/2

[Event "CZE-chT2C 1819"]
[Site "Czech Republic"]
[Date "2018.12.16"]
[Round "5.7"]
[White "Drabek, Vojtech"]
[Black "Prochazka, Jiri1111"]
[Result "1-0"]
[WhiteElo "2129"]
[BlackElo "2095"]
[PlyCount "87"]
[EventDate "2018.10.14"]
[EventType "team-tourn"]
[EventRounds "11"]
[EventCountry "CZE"]
[SourceTitle "EXT 2022"]
[Source "ChessBase"]
[SourceDate "2021.10.06"]
[SourceVersion "1"]
[SourceVersionDate "2021.10.06"]
[SourceQuality "1"]
[WhiteTeam "Neratovice II"]
[BlackTeam "Praha Vrsovice"]
[WhiteTeamCountry "CZE"]
[BlackTeamCountry "CZE"]

1. Nf3 d5 2. g3 c6 3. Bg2 e6 4. d3 f5 5. Nbd2 Nf6 6. 0-0 Bc5 7. b3 0-0 8. Bb2 a5 9. c4 Bd7 10. Qc2 Na6 11. a3 b5 12. e4 Qb6 13. d4 Be7 14. exd5 exd5 15. Ne5 Be6 16. Rae1 Ne4 17. f3 Nxd2 18. Qxd2 Bf6 19. f4 bxc4 20. Nxc4 dxc4 21. Rxe6 Rad8 22. Rxc6 Qa7 23. Rxc4 Nc5 24. Qc2 Ne6 25. Kh1 Nxd4 26. Qf2 Rd7 27. b4 Rfd8 28. Bxd4 Bxd4 29. Qa2 Kh8 30. b5 Be3 31. Qc2 g6 32. Rc8 Qd4 33. Rxd8+ Rxd8 34. Qc7 a4 35. Bf3 Qb6 36. Qe5+ Kg8 37. Bd5+ Kf8 38. Qh8+ Ke7 39. Qxh7+ Kd6 40. Bc6 Kc5 41. Qe7+ Kc4 42. Qb4+ Kd3 43. Rd1+ Ke2 44. Qe1# 1-0

[Event "CZE-chT2C 1819"]
[Site "Czech Republic"]
[Date "2018.11.18"]
[Round "3.7"]
[White "Bradac, Daniel"]
[Black "Drabek, Vojtech"]
[Result "1/2-1/2"]
[WhiteElo "1985"]
[BlackElo "2129"]
[PlyCount "61"]
[EventDate "2018.10.14"]
[EventType "team-tourn"]
[EventRounds "11"]
[EventCountry "CZE"]
[SourceTitle "EXT 2022"]
[Source "ChessBase"]
[SourceDate "2021.10.06"]
[SourceVersion "1"]
[SourceVersionDate "2021.10.06"]
[SourceQuality "1"]
[WhiteTeam "Liberec Desko"]
[BlackTeam "Neratovice II"]
[WhiteTeamCountry "CZE"]
[BlackTeamCountry "CZE"]

1. e4 e6 2. d3 d5 3. Nd2 c5 4. g3 Nc6 5. Bg2 g6 6. Ngf3 Bg7 7. 0-0 Nf6 8. c3 Qc7 9. Nh4 0-0 10. f4 dxe4 11. dxe4 b6 12. e5 Nd5 13. Ne4 Ba6 14. Rf2 Rad8 15. Qg4 Nce7 16. Qh3 Nf5 17. g4 Nxh4 18. Qxh4 f6 19. exf6 Nxf6 20. Be3 Nxe4 21. Bxe4 Bb7 22. Bxb7 Qxb7 23. Re1 Rde8 24. Bc1 Qd5 25. a3 e5 26. fxe5 Rxf2 27. Qxf2 Bxe5 28. Bf4 Rf8 29. Rxe5 Qc4 30. Qe2 Qxf4 31. Re8 1/2-1/2

[Event "Prague Golden op 14th"]
[Site "Prague"]
[Date "2018.06.30"]
[Round "1"]
[White "Drabek, Vojtech"]
[Black "Nemecek, Pavel"]
[Result "1-0"]
[WhiteElo "2130"]
[BlackElo "1886"]
[PlyCount "57"]
[EventDate "2018.06.30"]
[EventType "swiss"]
[EventRounds "9"]
[EventCountry "CZE"]
[SourceTitle "CBM 185 Extra"]
[Source "ChessBase"]
[SourceDate "2018.07.29"]
[SourceVersion "1"]
[SourceVersionDate "2018.07.29"]
[SourceQuality "1"]

1. d4 Nf6 2. c4 g6 3. Nc3 Bg7 4. g3 d6 5. Bg2 0-0 6. Nf3 c6 7. 0-0 Nbd7 8. e4 e5 9. b3 a5 10. Ba3 exd4 11. Nxd4 Nc5 12. Qd2 Re8 13. Rfe1 Qb6 14. Rad1 Ng4 15. h3 Ne5 16. Nc2 Ncd3 17. Re3 Bh6 18. f4 Nxf4 19. gxf4 Bxf4 20. Bxd6 Bxh3 21. Bxe5 Bxe5 22. Na4 Qa7 23. Bxh3 b5 24. cxb5 cxb5 25. Nc3 Bf4 26. Nd5 Rad8 27. Qf2 Bxe3 28. Ncxe3 Rd6 29. Bg2 1-0

[Event "CZE-chT1W 1718"]
[Site "Czech Republic"]
[Date "2018.04.15"]
[Round "11.6"]
[White "Drabek, Vojtech"]
[Black "Petr, Jakub"]
[Result "1/2-1/2"]
[WhiteElo "2138"]
[BlackElo "2144"]
[PlyCount "60"]
[EventDate "2017.10.29"]
[EventType "team-tourn"]
[EventRounds "11"]
[EventCountry "CZE"]
[SourceTitle "EXT 2019"]
[Source "ChessBase"]
[SourceDate "2018.10.10"]
[SourceVersion "1"]
[SourceVersionDate "2018.10.10"]
[SourceQuality "1"]
[WhiteTeam "Neratovice II"]
[BlackTeam "Praha Bohemians"]
[WhiteTeamCountry "CZE"]
[BlackTeamCountry "CZE"]

1. d4 Nf6 2. c4 g6 3. Nc3 d5 4. cxd5 Nxd5 5. e4 Nxc3 6. bxc3 Bg7 7. Nf3 c5 8. Rb1 0-0 9. Be2 cxd4 10. cxd4 Qa5+ 11. Qd2 Qxd2+ 12. Bxd2 b6 13. 0-0 Bb7 14. d5 Nd7 15. Bb4 Bf6 16. e5 Nxe5 17. Nxe5 Bxe5 18. Bxe7 Rfe8 19. d6 Bxd6 20. Bxd6 Rxe2 21. Ra1 Rd8 22. Bf4 Rd4 23. Bg3 f5 24. f3 Ba6 25. Rf2 Re8 26. Rc2 Red8 27. Be5 R4d5 28. Re1 R8d7 29. Bf4 Kf7 30. Rec1 Rd1+ 1/2-1/2

[Event "CZE-chT2B 1718"]
[Site "Czech Republic"]
[Date "2018.04.08"]
[Round "11.5"]
[White "Drabek, Vojtech"]
[Black "Polansky, Adam Lubos"]
[Result "1-0"]
[WhiteElo "2147"]
[BlackElo "1949"]
[PlyCount "61"]
[EventDate "2017.10.15"]
[EventType "team-tourn"]
[EventRounds "11"]
[EventCountry "CZE"]
[SourceTitle "EXT 2022"]
[Source "ChessBase"]
[SourceDate "2021.10.06"]
[SourceVersion "1"]
[SourceVersionDate "2021.10.06"]
[SourceQuality "1"]
[WhiteTeam "Neratovice III"]
[BlackTeam "Usti nad Labem"]
[WhiteTeamCountry "CZE"]
[BlackTeamCountry "CZE"]

1. d4 Nf6 2. c4 e6 3. Nc3 d5 4. cxd5 exd5 5. Bg5 Be7 6. Qc2 Nbd7 7. e3 c6 8. Bd3 0-0 9. Nge2 h6 10. Bh4 Nh5 11. Bxe7 Qxe7 12. g4 Nhf6 13. Rg1 Ne8 14. 0-0-0 Ndf6 15. h3 Nd6 16. Ng3 Re8 17. Kb1 Bd7 18. Rde1 Nfe4 19. f3 Ng5 20. Qg2 Qf6 21. f4 Ne6 22. h4 Qxh4 23. Nf5 Nxf4 24. Nxh4 Nxg2 25. Rxg2 Ne4 26. Bxe4 dxe4 27. g5 hxg5 28. Rxg5 f6 29. Rg3 g5 30. Rf1 Kg7 31. Nf5+ 1-0

[Event "CZE-chT1W 1617"]
[Site "Czech Republic"]
[Date "2017.02.19"]
[Round "8.1"]
[White "Tazlar, Petr"]
[Black "Drabek, Vojtech"]
[Result "1/2-1/2"]
[WhiteElo "2239"]
[BlackElo "2151"]
[PlyCount "64"]
[EventDate "2016.10.16"]
[EventType "team-tourn"]
[EventRounds "11"]
[EventCountry "CZE"]
[SourceTitle "CBM 177 Extra"]
[Source "ChessBase"]
[SourceDate "2017.04.27"]
[SourceVersion "1"]
[SourceVersionDate "2017.04.27"]
[SourceQuality "1"]
[WhiteTeam "Jicin II"]
[BlackTeam "Neratovice"]
[WhiteTeamCountry "CZE"]
[BlackTeamCountry "CZE"]

1. d4 Nf6 2. Nf3 g6 3. g3 d5 4. Bg2 Bg7 5. 0-0 0-0 6. b3 c5 7. c3 cxd4 8. cxd4 Nc6 9. Bb2 Bf5 10. Nbd2 Rc8 11. Nh4 Be6 12. Ndf3 h6 13. Ne1 Qb6 14. e3 Bg4 15. Nhf3 Ne4 16. h3 Bf5 17. Nh4 Bd7 18. Nd3 Nb4 19. Nxb4 Qxb4 20. Nf3 Rc7 21. Rc1 Rfc8 22. Rxc7 Rxc7 23. Re1 Bb5 24. Bf1 Bxf1 25. Kxf1 Qa5 26. a3 Nc3 27. Qd3 Ne4 28. Kg2 e6 29. Rc1 a6 30. Rxc7 Qxc7 31. Ne1 Bf8 32. Qc2 Qxc2 1/2-1/2

[Event "CZE-chT1W 1617"]
[Site "Czech Republic"]
[Date "2017.01.22"]
[Round "6.1"]
[White "Drabek, Vojtech"]
[Black "Ptacek, Tomas"]
[Result "1-0"]
[WhiteElo "2151"]
[BlackElo "2114"]
[PlyCount "75"]
[EventDate "2016.10.16"]
[EventType "team-tourn"]
[EventRounds "11"]
[EventCountry "CZE"]
[SourceTitle "CBM 177 Extra"]
[Source "ChessBase"]
[SourceDate "2017.04.27"]
[SourceVersion "1"]
[SourceVersionDate "2017.04.27"]
[SourceQuality "1"]
[WhiteTeam "Neratovice"]
[BlackTeam "Hradec Kralove Slavia"]
[WhiteTeamCountry "CZE"]
[BlackTeamCountry "CZE"]

1. d4 Nf6 2. c4 g6 3. Nf3 Bg7 4. g3 0-0 5. Bg2 d6 6. 0-0 Nc6 7. Nc3 a6 8. b3 Rb8 9. Bb2 b5 10. cxb5 axb5 11. Rc1 Nb4 12. e4 Nd7 13. Qe2 c5 14. Rfd1 Qb6 15. dxc5 Nxc5 16. a3 Nba6 17. Nd5 Qa7 18. Nd4 Qd7 19. b4 Bxd4 20. Bxd4 Nb3 21. Bb2 Nxc1 22. Rxc1 Bb7 23. Bh3 f5 24. Nc3 Nc7 25. f3 Ne6 26. Qd2 Ng7 27. Rd1 Rbd8 28. Ne2 e6 29. Qe3 fxe4 30. fxe4 Qc6 31. Nd4 Qxe4 32. Qxe4 Bxe4 33. Nxe6 Nxe6 34. Bxe6+ Rf7 35. Rf1 Rdd7 36. Rf6 d5 37. Bd4 Kf8 38. Bxd7 1-0

[Event "CZE-chT2B 1617"]
[Site "Czech Republic"]
[Date "2016.11.13"]
[Round "3.4"]
[White "Novotny, Jaroslav"]
[Black "Drabek, Vojtech"]
[Result "1-0"]
[WhiteElo "2196"]
[BlackElo "2154"]
[PlyCount "80"]
[EventDate "2016.10.09"]
[EventType "team-tourn"]
[EventRounds "11"]
[EventCountry "CZE"]
[SourceTitle "EXT 2022"]
[Source "ChessBase"]
[SourceDate "2021.10.06"]
[SourceVersion "1"]
[SourceVersionDate "2021.10.06"]
[SourceQuality "1"]
[WhiteTeam "Jicin IV"]
[BlackTeam "Bakov nad Jizerou"]
[WhiteTeamCountry "CZE"]
[BlackTeamCountry "CZE"]

1. e4 e5 2. Nf3 Nc6 3. Bb5 a6 4. Ba4 Nf6 5. 0-0 Be7 6. Re1 b5 7. Bb3 0-0 8. h3 d6 9. c3 Na5 10. Bc2 c5 11. d4 Qc7 12. Nbd2 Re8 13. Nf1 Nc4 14. Ng3 g6 15. b3 Nb6 16. Bg5 a5 17. d5 c4 18. Qd2 Bb7 19. Rec1 Rec8 20. Bd1 cxb3 21. axb3 a4 22. b4 Nc4 23. Qa2 Qd7 24. Be2 Nb6 25. Be3 Bd8 26. Nd2 Ba6 27. c4 bxc4 28. Nxc4 Nxc4 29. Bxc4 Bxc4 30. Rxc4 Rcb8 31. Ne2 Rc8 32. Rac1 Rxc4 33. Rxc4 Rb8 34. Nc3 Bb6 35. Bxb6 Rxb6 36. b5 Nh5 37. Rxa4 Kg7 38. Ra8 Nf4 39. Qc4 f5 40. Qc8 Qf7 1-0

[Event "CZE-chT2B 1415"]
[Site "Czech Republic"]
[Date "2015.03.15"]
[Round "9.6"]
[White "Chaloupka, Vladimir"]
[Black "Drabek, Vojtech"]
[Result "0-1"]
[WhiteElo "2074"]
[BlackElo "2156"]
[PlyCount "144"]
[EventDate "2014.11.02"]
[EventType "team-tourn"]
[EventRounds "11"]
[EventCountry "CZE"]
[SourceTitle "EXT 2022"]
[Source "ChessBase"]
[SourceDate "2021.10.06"]
[SourceVersion "1"]
[SourceVersionDate "2021.10.06"]
[SourceQuality "1"]
[WhiteTeam "Litomerice"]
[BlackTeam "Neratovice"]
[WhiteTeamCountry "CZE"]
[BlackTeamCountry "CZE"]

1. e4 e5 2. Nf3 Nc6 3. Bb5 a6 4. Bxc6 dxc6 5. 0-0 f6 6. d4 exd4 7. Nxd4 c5 8. Nb3 Qxd1 9. Rxd1 Bd6 10. Be3 b6 11. Nc3 Bb7 12. a4 0-0-0 13. Nd2 Be5 14. f3 Bxc3 15. bxc3 a5 16. Re1 Ne7 17. g4 Ng6 18. Kg2 Rd7 19. Kg3 Rhd8 20. Re2 Ba6 21. Rf2 Ne5 22. h4 Nc4 23. Nxc4 Bxc4 24. Rh2 Rd1 25. Rh1 Rxa1 26. Rxa1 Be2 27. Kf2 Rd1 28. Bc1 Bc4 29. h5 h6 30. Rb1 Kd7 31. Ra1 Ke6 32. Rb1 Rf1+ 33. Ke3 Re1+ 34. Kf2 Rf1+ 35. Ke3 Re1+ 36. Kf2 Re2+ 37. Kg3 Rxc2 38. Kh4 Rxc3 39. Bf4 Rxf3 40. Bxc7 Rb3 41. Re1 Bd3 42. e5 f5 43. Re3 fxg4 44. Kxg4 Bf5+ 45. Kf4 c4 46. Re1 c3 47. Rd1 Rb4+ 48. Ke3 Re4+ 49. Kf2 c2 50. Rd6+ Ke7 51. Rc6 Rxa4 52. Bxb6 Ra1 53. Be3 a4 54. e6 Bxe6 55. Rxc2 a3 56. Rc7+ Kd6 57. Ra7 a2 58. Bd4 Rh1 59. Bxg7 Rxh5 60. Ra6+ Ke7 61. Ra7+ Kd6 62. Ra6+ Kd7 63. Ra7+ Ke8 64. Ra8+ Kf7 65. Ra7+ Kg6 66. Bd4 Rd5 67. Ba1 h5 68. Ke3 Rd1 69. Be5 h4 70. Bc3 h3 71. Rg7+ Kf5 72. Rh7 a1Q 0-1

[Event "CZE-chT2B 1415"]
[Site "Czech Republic"]
[Date "2014.11.16"]
[Round "2.6"]
[White "Drabek, Vojtech"]
[Black "Duran, Tomas"]
[Result "1/2-1/2"]
[WhiteElo "2156"]
[BlackElo "2185"]
[PlyCount "66"]
[EventDate "2014.11.02"]
[EventType "team-tourn"]
[EventRounds "11"]
[EventCountry "CZE"]
[SourceTitle "EXT 2022"]
[Source "ChessBase"]
[SourceDate "2021.10.06"]
[SourceVersion "1"]
[SourceVersionDate "2021.10.06"]
[SourceQuality "1"]
[WhiteTeam "Neratovice"]
[BlackTeam "Turnov Zikuda II"]
[WhiteTeamCountry "CZE"]
[BlackTeamCountry "CZE"]

1. e4 d6 2. d4 Nf6 3. Nc3 e5 4. Nf3 Nbd7 5. Bc4 Be7 6. 0-0 0-0 7. Re1 c6 8. a4 b6 9. Ba2 a6 10. h3 Rb8 11. Nh4 Nxe4 12. Nf5 Nxc3 13. bxc3 Nf6 14. Nxe7+ Qxe7 15. dxe5 dxe5 16. Qf3 Bb7 17. Qg3 Rfe8 18. Bh6 Nh5 19. Qg4 Qf6 20. Qxh5 gxh6 21. Rad1 Re7 22. Rd7 Rbe8 23. Rxe7 Rxe7 24. Rd1 Qg5 25. Qe2 e4 26. Qe3 c5 27. Rd6 b5 28. axb5 axb5 29. Bd5 Bxd5 30. Qxg5+ hxg5 31. Rxd5 f6 32. Rxc5 e3 33. fxe3 Rxe3 1/2-1/2

[Event "Rakovnik Regional-chT 1415"]
[Site "Rakovnik"]
[Date "2014.10.19"]
[Round "1.2"]
[White "Drabek, Vojtech"]
[Black "Pycha, Patrik"]
[Result "0-1"]
[WhiteElo "2156"]
[BlackElo "2035"]
[PlyCount "168"]
[EventDate "2014.10.19"]
[EventType "team-tourn"]
[EventRounds "11"]
[EventCountry "CZE"]
[SourceTitle "EXT 2016"]
[Source "ChessBase"]
[SourceDate "2015.10.08"]
[SourceVersion "1"]
[SourceVersionDate "2015.10.08"]
[SourceQuality "1"]
[WhiteTeam "Neratovice II"]
[BlackTeam "Vlasim II"]
[WhiteTeamCountry "CZE"]
[BlackTeamCountry "CZE"]

1. Nf3 Nf6 2. g3 d5 3. Bg2 c6 4. 0-0 Bf5 5. b3 Nbd7 6. Bb2 e6 7. d3 Bd6 8. e4 dxe4 9. dxe4 Nxe4 10. Bxg7 Rg8 11. Bb2 Qc7 12. Nh4 0-0-0 13. Nxf5 exf5 14. Qf3 Be5 15. Nc3 Qa5 16. Na4 Bxb2 17. Nxb2 Nd2 18. Qf4 Nxf1 19. Bxf1 Qe5 20. Qxe5 Nxe5 21. f4 Nf3+ 22. Kg2 Nd4 23. Rc1 Ne6 24. Nd3 Rd4 25. Kf2 Re8 26. Re1 Re4 27. Bh3 Rxe1 28. Nxe1 Nd4 29. Bf1 Nb5 30. Bd3 Nd6 31. Nf3 Kd7 32. Nd4 h6 33. Kf3 Re1 34. h4 c5 35. Nxf5 Nxf5 36. Bxf5+ Ke7 37. a4 c4 38. g4 f6 39. Be4 Rb1 40. bxc4 Rb4 41. g5 fxg5 42. hxg5 hxg5 43. fxg5 Rxc4 44. Bxb7 Rxa4 45. Ke3 Rg4 46. Kd3 Rxg5 47. c3 Rb5 48. Bc6 Rb6 49. Ba4 Kd6 50. Kc4 Kc7 51. Kc5 Rb1 52. Be8 a6 53. c4 Re1 54. Ba4 Re5+ 55. Kb4 Kb6 56. Bd7 a5+ 57. Ka4 Re1 58. Kb3 Rb1+ 59. Ka3 Rb4 60. Be6 Kc5 61. Bf7 Kd4 62. Be6 Rb6 63. Bf7 Rb4 64. Be6 Rb1 65. Ka2 Re1 66. Bf7 Re3 67. Bd5 Kc5 68. Bf7 Kb4 69. Bd5 Re2+ 70. Kb1 a4 71. c5 Kxc5 72. Bf7 Kb4 73. Bd5 Ka3 74. Bf7 Rb2+ 75. Ka1 Rf2 76. Bg6 Kb3 77. Bh7 Ra2+ 78. Kb1 Rg2 79. Ka1 a3 80. Be4 Rd2 81. Bf3 a2 82. Bd5+ Ka3 83. Bb3 Re2 84. Bd1 Re3 0-1

[Event "CZE-chT2B 1314"]
[Site "Czech Republic"]
[Date "2014.02.02"]
[Round "7.4"]
[White "Drabek, Vojtech"]
[Black "Marsalek, Zdenek"]
[Result "1/2-1/2"]
[WhiteElo "2218"]
[BlackElo "2267"]
[PlyCount "85"]
[EventDate "2013.11.03"]
[EventType "team-tourn"]
[EventRounds "11"]
[EventCountry "CZE"]
[SourceTitle "EXT 2015"]
[Source "ChessBase"]
[SourceDate "2014.11.20"]
[SourceVersion "1"]
[SourceVersionDate "2014.11.20"]
[SourceQuality "1"]
[WhiteTeam "Neratovice"]
[BlackTeam "Bakov nad Jizerou"]
[WhiteTeamCountry "CZE"]
[BlackTeamCountry "CZE"]

1. e4 d6 2. d4 Nf6 3. Nc3 e5 4. Nf3 Nbd7 5. Bc4 Be7 6. 0-0 0-0 7. Re1 c6 8. a4 b6 9. Ba2 a6 10. h3 Rb8 11. Nh4 g6 12. Nf3 Nh5 13. Bh6 Re8 14. Qd2 Bf8 15. Rad1 Qc7 16. Ng5 Re7 17. Bxf8 Nxf8 18. dxe5 dxe5 19. Qd6 Qxd6 20. Rxd6 Bd7 21. Red1 Rb7 22. b4 h6 23. Nf3 Kg7 24. b5 axb5 25. axb5 Rc7 26. Bb3 Nf6 27. bxc6 Rxc6 28. Rxc6 Bxc6 29. Nd5 Bxd5 30. exd5 e4 31. Nd4 N8d7 32. d6 Re5 33. Ra1 Nc5 34. Bc4 Nb7 35. Bxf7 Nxd6 36. Bb3 h5 37. Ra6 e3 38. fxe3 Rxe3 39. Rxb6 Nde4 40. Nf3 g5 41. Kf1 g4 42. hxg4 Nxg4 43. Rb7+ 1/2-1/2